<?xml version="1.0" encoding="UTF-8"?>
<record
    xmlns:xsi="http://www.w3.org/2001/XMLSchema-instance"
    xsi:schemaLocation="http://www.loc.gov/MARC21/slim http://www.loc.gov/standards/marcxml/schema/MARC21slim.xsd"
    xmlns="http://www.loc.gov/MARC21/slim">

  <leader>00973nam a22002177a 4500</leader>
  <controlfield tag="005">20160317103024.0</controlfield>
  <controlfield tag="008">160316b1946    xxu||||| |||| 00| 0dspa d</controlfield>
  <datafield tag="040" ind1=" " ind2=" ">
    <subfield code="a">CO-BoIAVH </subfield>
    <subfield code="c">CO-BoIAVH </subfield>
  </datafield>
  <datafield tag="041" ind1=" " ind2=" ">
    <subfield code="a">eng</subfield>
  </datafield>
  <datafield tag="044" ind1=" " ind2=" ">
    <subfield code="a">xxu</subfield>
  </datafield>
  <datafield tag="082" ind1="1" ind2="4">
    <subfield code="a">509.22410</subfield>
    <subfield code="b">C81f3</subfield>
  </datafield>
  <datafield tag="110" ind1="1" ind2=" ">
    <subfield code="a">Corning Glass Works, Corning, N.Y.</subfield>
  </datafield>
  <datafield tag="245" ind1="1" ind2="0">
    <subfield code="a">Famous names in chemical history:</subfield>
    <subfield code="b">Louis Pasteur.</subfield>
  </datafield>
  <datafield tag="260" ind1=" " ind2=" ">
    <subfield code="a"> New York:</subfield>
    <subfield code="b">Corning Glass Works, Corning, N.Y.,</subfield>
    <subfield code="c">1946.</subfield>
  </datafield>
  <datafield tag="300" ind1=" " ind2=" ">
    <subfield code="a">24 p&#xE1;ginas, </subfield>
    <subfield code="c">19 cent&#xED;metros.</subfield>
  </datafield>
  <datafield tag="500" ind1=" " ind2=" ">
    <subfield code="a">Qu&#xED;mico franc&#xE9;s cuyos descubrimientos tuvieron enorme importancia en diversos campos de las ciencias naturales, sobre todo en la qu&#xED;mica y microbiolog&#xED;a. A &#xE9;l se debe la t&#xE9;cnica conocida como pasteurizaci&#xF3;n.
Fuente: Wikipedia, 17 de marzo de 2016
</subfield>
  </datafield>
  <datafield tag="600" ind1="1" ind2=" ">
    <subfield code="a">Pasteur, Louis,</subfield>
    <subfield code="q">(Louis Jean Pasteur), </subfield>
    <subfield code="d">1822-1895</subfield>
    <subfield code="x">biograf&#xED;a</subfield>
  </datafield>
  <datafield tag="650" ind1="1" ind2="6">
    <subfield code="a">Cient&#xED;ticos</subfield>
    <subfield code="v">biograf&#xED;a</subfield>
  </datafield>
  <datafield tag="650" ind1="1" ind2="6">
    <subfield code="a">Qu&#xED;micos</subfield>
    <subfield code="v">biograf&#xED;a</subfield>
  </datafield>
  <datafield tag="942" ind1=" " ind2=" ">
    <subfield code="2">ddc</subfield>
    <subfield code="c">Folleto</subfield>
  </datafield>
  <datafield tag="999" ind1=" " ind2=" ">
    <subfield code="c">18236</subfield>
    <subfield code="d">18236</subfield>
  </datafield>
  <datafield tag="952" ind1=" " ind2=" ">
    <subfield code="0">0</subfield>
    <subfield code="1">0</subfield>
    <subfield code="2">ddc</subfield>
    <subfield code="4">0</subfield>
    <subfield code="7">0</subfield>
    <subfield code="8">FONDO RAMI</subfield>
    <subfield code="I">INV2017</subfield>
    <subfield code="a">Bogota</subfield>
    <subfield code="b">Bogota</subfield>
    <subfield code="d">2016-03-17</subfield>
    <subfield code="l">0</subfield>
    <subfield code="o">FRO-509.22410 C81f3</subfield>
    <subfield code="p">039705</subfield>
    <subfield code="r">2016-03-17 00:00:00</subfield>
    <subfield code="t">Ej. 1</subfield>
    <subfield code="w">2016-03-17</subfield>
    <subfield code="x">Donaci&#xF3;n</subfield>
    <subfield code="y">Folleto</subfield>
  </datafield>
</record>
